000 00443nam a22001817a 4500
003 MPLRDC
005 20220104125404.0
008 210129b ||||| |||| 00| 0 eng d
020 _a7-222-00818-7
082 _a857.9 CLK-3 v.3
100 _a沧浪客
245 _a矫龙惊蛇录. 下
_c
250 _a一版一刷
260 _a
_b云南人民出版社
_c1991
300 _b
650 _a武侠小说
942 _cBK
_o857.9 CLK-3 v.3
999 _c26967
_d26957